<?xml version="1.0" encoding="UTF-8"?>
<record
    xmlns:xsi="http://www.w3.org/2001/XMLSchema-instance"
    xsi:schemaLocation="http://www.loc.gov/MARC21/slim http://www.loc.gov/standards/marcxml/schema/MARC21slim.xsd"
    xmlns="http://www.loc.gov/MARC21/slim">

  <leader>01513nam a2200277 i 4500</leader>
  <controlfield tag="003">DO-SdBNP</controlfield>
  <controlfield tag="005">20240125100132.0</controlfield>
  <controlfield tag="006">a||||gr|||| 00| 0 </controlfield>
  <controlfield tag="007">ta</controlfield>
  <controlfield tag="008">230428e1989    dr ||||gr|||| 001 edspa d</controlfield>
  <datafield tag="040" ind1=" " ind2=" ">
    <subfield code="a">DO-SdBNP</subfield>
    <subfield code="b">spa</subfield>
    <subfield code="c">BNPHU</subfield>
    <subfield code="e">rda</subfield>
  </datafield>
  <datafield tag="082" ind1=" " ind2="4">
    <subfield code="2">22</subfield>
    <subfield code="b">T231a</subfield>
  </datafield>
  <datafield tag="100" ind1="1" ind2=" ">
    <subfield code="9">57394</subfield>
    <subfield code="a">Tav&#xE1;rez Belliard, Aurora,</subfield>
    <subfield code="d">1894-1972</subfield>
    <subfield code="e">autora</subfield>
  </datafield>
  <datafield tag="245" ind1="1" ind2="0">
    <subfield code="a">Aurora Tavarez Belliard /</subfield>
    <subfield code="c">Selecci&#xF3;n y nota, Julio Jaime Julia.</subfield>
  </datafield>
  <datafield tag="264" ind1=" " ind2=" ">
    <subfield code="a">Moca, Rep&#xFA;blica Dominicana :</subfield>
    <subfield code="b">Comisi&#xF3;n Organizadora Permante de la Feria Nacional del Libro,</subfield>
    <subfield code="c">1989.</subfield>
  </datafield>
  <datafield tag="300" ind1=" " ind2=" ">
    <subfield code="a">59 p&#xE1;ginas ;</subfield>
    <subfield code="c">20 cm.</subfield>
  </datafield>
  <datafield tag="336" ind1=" " ind2=" ">
    <subfield code="2">rdacontent</subfield>
    <subfield code="a">texto</subfield>
    <subfield code="b">txt</subfield>
  </datafield>
  <datafield tag="337" ind1=" " ind2=" ">
    <subfield code="2">rdamedia</subfield>
    <subfield code="a">sin mediaci&#xF3;n</subfield>
    <subfield code="b">n</subfield>
  </datafield>
  <datafield tag="338" ind1=" " ind2=" ">
    <subfield code="2">rdacarrier</subfield>
    <subfield code="a">volumen</subfield>
    <subfield code="b">nc</subfield>
  </datafield>
  <datafield tag="500" ind1=" " ind2=" ">
    <subfield code="a">Incluye datos biogr&#xE1;ficos de la autora en la p&#xE1;gina 3</subfield>
  </datafield>
  <datafield tag="500" ind1=" " ind2=" ">
    <subfield code="a">Feria Municipal "Aurora Tav&#xE1;rez Belliard"</subfield>
  </datafield>
  <datafield tag="505" ind1=" " ind2=" ">
    <subfield code="a">De una Par&#xE1;bola--</subfield>
    <subfield code="t">El hombre com&#xFA;n--</subfield>
    <subfield code="t">Evoluci&#xF3;n y feminismo--</subfield>
    <subfield code="t">Feminismo y cultura c&#xED;vica--</subfield>
    <subfield code="t">De la vieja simiente--</subfield>
    <subfield code="t">Ed&#xFA;cate, hermana--</subfield>
    <subfield code="t">Si eres maestro--</subfield>
    <subfield code="t">Moral rutinaria y moral nueva--</subfield>
    <subfield code="t">El gobierno del hogar y el gobierno de la escuela--</subfield>
    <subfield code="t">Discurso--</subfield>
    <subfield code="t">Alrededor de una tradici&#xF3;n--</subfield>
    <subfield code="t">El elogio del olvido.--</subfield>
    <subfield code="t">El hombre y la bestia--</subfield>
    <subfield code="t">La filosof&#xED;a del del ocio--</subfield>
    <subfield code="t">De la vieja simiente--</subfield>
    <subfield code="t">El hombre indiferente--</subfield>
    <subfield code="t">L&#xE1;mpara encendida--</subfield>
    <subfield code="t">El dolor de San Pedro--</subfield>
    <subfield code="t">Desnudez--</subfield>
    <subfield code="t">Talento y vanidad--</subfield>
    <subfield code="t">Una filosof&#xED;a de la educaci&#xF3;n dominicana.</subfield>
  </datafield>
  <datafield tag="590" ind1=" " ind2=" ">
    <subfield code="a">Inventariado 2023 / MF</subfield>
  </datafield>
  <datafield tag="700" ind1="1" ind2=" ">
    <subfield code="4">Julia, Julio Jaime,</subfield>
    <subfield code="e">selecci&#xF3;n y notas </subfield>
  </datafield>
  <datafield tag="942" ind1=" " ind2=" ">
    <subfield code="2">ddc</subfield>
    <subfield code="c">LBS1</subfield>
  </datafield>
  <datafield tag="952" ind1=" " ind2=" ">
    <subfield code="0">0</subfield>
    <subfield code="1">0</subfield>
    <subfield code="2">ddc</subfield>
    <subfield code="5">1</subfield>
    <subfield code="7">0</subfield>
    <subfield code="8">PD</subfield>
    <subfield code="a">BNPHU</subfield>
    <subfield code="b">BNPHU</subfield>
    <subfield code="c">CT</subfield>
    <subfield code="d">0000-00-00</subfield>
    <subfield code="e">Domado por Martiza P&#xE9;rez G.</subfield>
    <subfield code="l">0</subfield>
    <subfield code="o">BNPHU PD T231a</subfield>
    <subfield code="p">2023-1523</subfield>
    <subfield code="r">2023-04-28</subfield>
    <subfield code="w">2023-04-28</subfield>
    <subfield code="y">LBS1</subfield>
  </datafield>
  <datafield tag="952" ind1=" " ind2=" ">
    <subfield code="0">0</subfield>
    <subfield code="1">0</subfield>
    <subfield code="2">ddc</subfield>
    <subfield code="5">1</subfield>
    <subfield code="7">0</subfield>
    <subfield code="8">PD</subfield>
    <subfield code="a">BNPHU</subfield>
    <subfield code="b">BNPHU</subfield>
    <subfield code="c">CT</subfield>
    <subfield code="d">2024-01-25</subfield>
    <subfield code="e">Donaci&#xF3;n</subfield>
    <subfield code="l">0</subfield>
    <subfield code="o">BNPHU PD T231a</subfield>
    <subfield code="p">2024-0432</subfield>
    <subfield code="r">2024-01-25</subfield>
    <subfield code="t">e.2</subfield>
    <subfield code="w">2024-01-25</subfield>
    <subfield code="y">LBS1</subfield>
  </datafield>
  <datafield tag="999" ind1=" " ind2=" ">
    <subfield code="c">53374</subfield>
    <subfield code="d">53374</subfield>
  </datafield>
</record>
